Estadísticas para Miembros de la FIFA que NO SON Países Independientes

Haz click aquí para intentar la prueba.

Estadísticas generales

  • Esta prueba ha sido intentada 3.291 veces
  • La puntuación promedio es 9 de 24

Estadísticas de respuestas

ConfederaciónRespuesta% Correcto
UEFAEscocia
80%
UEFAGales
80%
UEFAIrlanda del Norte
75%
UEFAInglaterra
70%
UEFAGibraltar
58%
UEFAIslas Feroe
50%
CONCACAFPuerto Rico
46%
CONCACAFIslas Vírgenes Americanas
39%
CONCACAFIslas Vírgenes Británicas
39%
AFCPalestina
36%
CONCACAFAruba
34%
OFCTahití
33%
AFCHong Kong
30%
CONCACAFCurazao
28%
OFCSamoa Americana
28%
CONCACAFIslas Caimán
27%
AFCGuam
26%
CONCACAFAnguila
25%
CONCACAFBermudas
25%
OFCIslas Cook
25%
OFCNueva Caledonia
24%
AFCMacao
23%
CONCACAFMontserrat
22%
CONCACAFIslas Turcas y Caicos
20%

Distribución de puntuación

Porcentaje por número respondido

Porcentaje de gente con cada puntuación

Historial de tus puntuaciones

No has intentado esta prueba.